000 00743cab a2200253 4500
001 X1335
008 090401t1994 xxu||||| |||| 00| 0 eng d
035 _a(Sirsi) u16286
041 _aeng
245 _aGeneral Council updated on constitutional review committee`s plans for restructure
260 _c1994
350 _a0
490 _aCSM (Chartered Surveyor Monthly)
_v3(6) March 1994, 11(1)
650 _aANNUAL REVIEW
650 _aCLIENTS MONEY PROTECTION SCHEME
650 _aCLIENTS MONEY
650 _aCONSTITUTIONAL REVIEW
650 _aCUBBON REPORT
650 _aGENERAL COUNCIL
650 _aPROJECT MANAGERS
690 _aMANAGEMENT-BUSINESS MANAGEMENT-PROFESSIONAL PRACTICE
942 _n0
948 _c04/03/1997
999 _c10704
_d10704